1853 1667 1184 1973 1979 1368 1369 1022 1278 1257 1645 1643 1631 1511 1377 1577 1482 1414 1801 1192 1977 1574 1590 1527 1450 1071 1682 1897 1216 1846 1138 1824 1665 1287 1625 1244 1040 1948 1414 1498 1259 1959 1284 1254 1263 1094 1521 1022 1156 1652 1789 1382 1714 1459 1805 1993 1527 1004 1807 1311 1357 1471 1323 1065 1803 1260 1613 1421 1973 1455 1838 1841 1398 1174 1103 1274 1891 1339 1237 1694 1121 1631 1597 1061 1933 1347 1965 1133 1033 1568 1794 1598 1586 1899 1341 1864 1547 1197 1546 BCNSPRNW ULIB Ver.6.0+V

เปลี่ยนเป็นภาษาไทย

Change to English
 แสดงรายละเอียดบรรณานุกรม
  กลับหน้าหลัก

Brief Record : Get Marc (ISO 2709) : E-mail record : QR code < ปิดหน้าต่าง
LEADER : 00000nam 2200000uu 4500
001    13399124903
003     ULIB
008    160426s2558||||th 000 0 tha d
020    ^a9789746729857
060  4 ^aWJ168^bร924
245 00 ^aโรคที่พบบ่อยในศัลยศาสตร์ระบบปัสสาวะ =^bCommon diseases inurology. /^cพิษณุ มหาวงศ์, สุริธร สุนทรพันธ์ บรรณาธิการ
246 31 ^aCommon diseases in urology.
250    ^aพิมพ์ครั้งที่ 1
260    ^aเชียงใหม่ :^bหน่วยศัลยศาสตร์ระบบปัสสาวะภาควิชาศัลยศาสตร์ คณะแพทยศาสตร์ มหาวิทยาลัยเชียงใหม่,^c2558
300    ^av, 272 หน้า :^bภาพประกอบ
505 0  ^a... อาการที่พบบ่อยในระบบทางเดินปัสสาวะ ... การตรวจร่างกายในระบบทางเดินปัสสาวะ ... การสืบค้นเพิ่มเติมในระบบทางเดินปัสสาวะ ... การติดเชื้อทางเดินปัสสาวะ ... การบาดเจ็บต่อทางเดินปัสสาวะ ... นิ่วในระบบทางเดินปัสสาวะ ...กระเพาะปัสสาวะทำงานผิดปกติจากระบบประสาท ... ต่อมลูกหมากโต ... เนื้องอกไต ... มะเร็งกระเพาะปัสสาวะ กรวยไต และท่อไต ... มะเร็งต่อมลูกหมาก ... มะเร็งองคชาต ... มะเร็งอัณฑะ ... โรคที่พบบ่อยในศัลยศาสตร์ระบบปัสสาวะเด็ก ... โรคที่พบบ่อยในศัลยศาสตร์ระบบปัสสาวะสตรี ... ภาวะบกพร่องด้านการแข็งตัวขององคชาต
650  7 ^aระบบปัสสาวะและอวัยวะสืบพันธุ์^xศัลยกรรม^xภาวะแทรกซ้อน
650  7 ^aทางเดินปัสสาวะ^xศัลยกรรม^xภาวะแทรกซ้อน
650  7 ^aทางเดินปัสสาวะและอวัยวะสืบพันธุ์^xศัลยกรรม^xภาวะแทรกซ้อน
694    ^aHealth Sciences Branch
700 0  ^aพิษณุ มหาวงศ,^eบรรณาธิการ
700 0  ^aสุริธร สุนทรพันธ์,^eบรรณาธิการ
710 2  ^aมหาวิทยาลัยเชียงใหม่.^bคณะแพทยศาสตร์.^bภาควิชาศัลยศาสตร์.^bหน่วยศัลยศาสตร์ระบบปัสสาวะ
945    ^p300^l0^i23521
945    ^p300^l0^i23522
945    ^p300^l0^i23523
945    ^p300^l0^i23544
945    ^p300^l0^i23545
999    ^aทศพร เกษรทอง
รายการนี้ยังไม่มีแท็ก
คุณยังไม่ได้ล็อกอิน คุณสามารถมีกิจกรรมร่วมกับเว็บไซต์ได้ แต่ต้องล็อกอินก่อน ::
  ล็อกอิน

รายการสื่อสารสนเทศ

ลำดับที่ ประเภท เลขเรียก/บาร์โค้ด สถานที่ สถานะ
1. วิทยาศาสตร์การแพทย์ และสุขภาพ
วิทยาศาสตร์การแพทย์ และสุขภาพ
สถานะ=หนังสือเก่า
WJ168 ร924 ฉ.1 
  Barcode: 23521
ห้องสมุดวิทยาเขตนครสวรรค์
►ส่วนจัดเก็บหนังสือเก่า นว.
บนชั้น
  ขอยืม
2. วิทยาศาสตร์การแพทย์ และสุขภาพ
วิทยาศาสตร์การแพทย์ และสุขภาพ
สถานะ=หนังสือเก่า
WJ168 ร924 ฉ.2 
  Barcode: 23522
ห้องสมุดวิทยาเขตนครสวรรค์
►ส่วนจัดเก็บหนังสือเก่า นว.
บนชั้น
  ขอยืม
3. วิทยาศาสตร์การแพทย์ และสุขภาพ
วิทยาศาสตร์การแพทย์ และสุขภาพ
สถานะ=หนังสือเก่า
WJ168 ร924 ฉ.3 
  Barcode: 23523
ห้องสมุดวิทยาเขตนครสวรรค์
►ส่วนจัดเก็บหนังสือเก่า นว.
บนชั้น
  ขอยืม
4. วิทยาศาสตร์การแพทย์ และสุขภาพ
วิทยาศาสตร์การแพทย์ และสุขภาพ
สถานะ=หนังสือเก่า
WJ168 ร924 ฉ.4 
  Barcode: 23544
ห้องสมุดวิทยาเขตนครสวรรค์
►ส่วนจัดเก็บหนังสือเก่า นว.
บนชั้น
  ขอยืม
5. วิทยาศาสตร์การแพทย์ และสุขภาพ
วิทยาศาสตร์การแพทย์ และสุขภาพ
สถานะ=หนังสือเก่า
WJ168 ร924 ฉ.5 
  Barcode: 23545
ห้องสมุดวิทยาเขตนครสวรรค์
►ส่วนจัดเก็บหนังสือเก่า นว.
บนชั้น
  ขอยืม

BibComment


ยังไม่เคยถูกคอมเมนท์

คอมเมนท์ทรัพยากรรายการนี้
  คอมเมนท์: โรคที่พบบ่อยในศั..


 Copyright 2026. Bcnsprnw @Library